Miller's anesthesia / (رقم التسجيلة. 24263)
[ عرض عادي ]
| 000 -الفاتح | |
|---|---|
| حقل البيانات ثابتة الطول | 05271cam a22003974a 4500 |
| 001 - رقم الضبط | |
| رقم الضبط | 15660599 |
| 003 - محدد رقم الضبط | |
| رقم الضبط | OSt |
| 005 - وقت وتاريخ اخر تعامل مع التسجيلة | |
| رقم الضبط | 20150408114047.0 |
| 008 - عناصر البيانات ثابتة الطول - معلومات عامة | |
| حقل البيانات ثابتة الطول | 120624s2010 paua b 001 0 eng |
| 010 ## - رقم ضبط مكتبة الكونجرس | |
| رقم ضبط مكتبة الكونجرس | |
| 020 ## - الرقم الدولى المعيارى للكتب | |
| الرقم الدولى المعيارى للكتاب | 9780443069598 |
| 020 ## - الرقم الدولى المعيارى للكتب | |
| الرقم الدولى المعيارى للكتاب | 044306959X |
| 020 ## - الرقم الدولى المعيارى للكتب | |
| الرقم الدولى المعيارى للكتاب | 9781416066248 (premium ed.) |
| 020 ## - الرقم الدولى المعيارى للكتب | |
| الرقم الدولى المعيارى للكتاب | 1416066241 (premium ed.) |
| 020 ## - الرقم الدولى المعيارى للكتب | |
| الرقم الدولى المعيارى للكتاب | 9780808924135 (International ed.) |
| 020 ## - الرقم الدولى المعيارى للكتب | |
| الرقم الدولى المعيارى للكتاب | 0808924133 (International ed.) |
| 040 ## - مصدر الفهرسة | |
| وكالة النسخ | MU |
| 082 00 - رقم تصنيف ديوى العشرى | |
| رقم التصنيف | 617.96 M I A |
| رقم الطبعة | 22 |
| 245 00 - بيان العنوان | |
| العنوان | Miller's anesthesia / |
| بيان المسئوليه,etc | edited by Ronald D. Miller ; associate editors, Lars I. Eriksson ... [et al.]. |
| 246 30 - العنوان الموازى | |
| عنوان صحيح/عنوان مختصر | Anesthesia |
| 250 ## - بيان الطبعة | |
| بيان الطبعة | 7th ed. |
| 260 ## - PUBLICATION, DISTRIBUTION, ETC. (IMPRINT) | |
| مكان الناشر او الموزع | Philadelphia, PA : |
| اسم الناشر او الموزع | Churchill Livingstone/Elsevier, |
| تاريخ النشر أو التوزيع | 2010. |
| 300 ## - الوصف المادى | |
| التعداد | 2 v. (xxii, 3084, I-89 p.) : |
| تفاصيل ماديه اخرى للوعاء | ill. (chiefly col.) ; |
| أبعاد الوعاء | 29 cm. |
| 500 ## - تبصرة عامة | |
| تبصرة عامة | "Expert consult"--Cover. |
| 504 ## - تبصرة ببليوجرافية | |
| تبصرة ببليوجرافية,الخ | Includes bibliographical references and index. |
| 505 0# - تبصرة محتويات-الفهرس | |
| تبصرة المحتويات المصاغة | V. 1: History of anesthetic practice -- Scope of modern anesthetic practice -- The international scope and practice of anesthesia -- Medical informatics -- Quality improvement -- Human performance and patient safety -- Patient simulation -- Teaching anesthesia -- Ethical aspects of anesthesia care -- Legal aspects of anesthesia care -- Sleep, memory, and consciousness -- The autonomic nervous system -- Cerebral physiology and the effects of anesthetic drugs -- Neuromuscular physiology and pharmacology -- Respiratory physiology -- Cardiac physiology -- Hepatic physiology and pathophysiology -- Renal physiology -- Basic principles of pharmacology -- Inhaled anesthetics: mechanisms of action -- Inhaled anesthetics: uptake and distribution -- Pulmonary pharmacology -- Cardiovascular pharmacology -- Inhaled anesthetics: metabolism and toxicity -- Inhaled anesthetic delivery systems -- Intravenous anesthetics -- Opioids -- Intravenous drug delivery systems -- Pharmacology of muscle relaxants and their antagonists -- Local anesthetics -- Nitric oxide and inhaled pulmonary vasodilators -- Complementary and alternative therapies -- Risk of anesthesia -- Preoperative evaluation -- Anesthetic implications of concurrent diseases -- Patient positioning and anesthesia -- Neuromuscular disorders and malignant hyperthermia -- Fundamental principles of monitoring instrumentation -- Monitoring the depth of anesthesia -- Cardiovascular monitoring -- Transesophageal echocardiography -- Electrocardiography -- Implantable cardiac pulse generators: pacemakers and cardioverter-defibrillators -- Respiratory monitoring -- Renal function monitoring -- Neurologic monitoring -- Neuromuscular monitoring -- Temperature regulation and monitoring -- |
| 505 0# - تبصرة محتويات-الفهرس | |
| تبصرة المحتويات المصاغة | V. 2: Perioperative acid-base balance -- Airway management in the adult -- Spinal, epidural, and caudal anesthesia -- Nerve blocks -- Ultrasound guidance for regional anesthesia -- Intravascular fluid and electrolyte physiology -- Transfusion therapy -- Coagulation -- Autologous transfusion, recombinant factor vlla, and bloodless medicine -- Anesthesia and treatment of chronic pain -- Anesthesia for thoracic surgery -- Anesthesia for cardiac surgical procedures -- Anesthesia for correction of cardiac arrhythmias -- Anesthesia for vascular surgery -- Neurosurgical anesthesia -- Anesthesia for bariatric surgery -- Anesthesia and the renal and genitourinary systems -- Anesthesia and the hepatobiliary system -- Anesthesia for abdominal organ transplantation -- Anesthesia for laparoscopic surgery -- Anesthesia for obstetrics -- Anesthesia for orthopedic surgery -- Geriatric anesthesia -- Anesthesia for trauma -- Anesthesia and prehospital emergency and trauma care -- Chemical and biological warfare agents: the role of the anesthesiologist -- Anesthesia for eye, ear, nose, and throat surgery -- Anesthesia for robotic surgery -- Anesthesia for laser surgery -- Ambulatory (outpatient) anesthesia -- Anesthesia at remote locations -- Clinical care in extreme environments: at high and low pressure and in space -- Regional anesthesia in children -- Pediatric anesthesia -- Anesthesia for pediatric cardiac surgery -- Pediatric and neonatal intensive care -- The postanesthesia care unit -- Postoperative nausea and vomiting -- Acute postoperative pain -- Postoperative intravascular fluid therapy -- Cognitive dysfunction and other long-term complications of surgery and anesthesia -- Postoperative visual loss -- Overview of anesthesiology and critical care medicine -- Critical care protocols -- Respiratory care -- Neurocritical care -- Nutrition and metabolic control -- Renal replacement therapies -- Cardiopulmonary resuscitation: basic and advanced life support -- Brain death -- Operating room management -- Electrical safety in the operating room -- Environmental safety including chemical dependency -- Statistical methods in anesthesia. |
| 650 #4 - المدخل الاضافى بالموضوع-مصطلح موضوعى | |
| مصطلح موضوعي أو اسم جغرافي كعنصر مدخل | Anesthesia |
| التقسيم الفرعي الشكلي | Atlases. |
| 9 (RLIN) | 16273 |
| 650 #4 - المدخل الاضافى بالموضوع-مصطلح موضوعى | |
| مصطلح موضوعي أو اسم جغرافي كعنصر مدخل | Anesthesia. |
| 650 #4 - المدخل الاضافى بالموضوع-مصطلح موضوعى | |
| مصطلح موضوعي أو اسم جغرافي كعنصر مدخل | Anesthesiology |
| التقسيم الفرعي العام | methods. |
| 9 (RLIN) | 16274 |
| 650 #4 - المدخل الاضافى بالموضوع-مصطلح موضوعى | |
| مصطلح موضوعي أو اسم جغرافي كعنصر مدخل | Anesthetics |
| التقسيم الفرعي العام | therapeutic use. |
| 9 (RLIN) | 16275 |
| 700 1# - المدخل الاضافى - اسم شخصى | |
| الإسم الشخصى | Miller, Ronald D., |
| التواريخ المصاحبة للاسم | 1939- |
| 9 (RLIN) | 16276 |
| 906 ## - عنصر بيانات محلى F, LDF (RLIN) | |
| a | 7 |
| b | cbc |
| c | orignew |
| d | 1 |
| e | ecip |
| f | 20 |
| g | y-gencatlg |
| 942 ## - عناصر المدخل الإضافي( كوها) | |
| مصدر التصنيف او مخطط الترفيف | Dewey Decimal Classification |
| Koha [default] item type | DVD |
| حالة الفقد | نموذج السعر الفعال | حالة تلف | ليس للاعارة | رقم الطلب | رقم النسخة | تاريخ الاكتساب | الموقع الحالي | الباركود | الفرع الرئيسي | Date last seen | نوع المادة فى نظام كوها | مصدر التصنيف او خطة الترفيف | Total Checkouts |
|---|---|---|---|---|---|---|---|---|---|---|---|---|---|
| 2013-03-10 | 617.96 M I A | C.1 | 2012-06-24 | المكتبة المركزية بالمجمعة (CL) | 00109638 | المكتبة المركزية بالمجمعة (CL) | 2013-03-10 | كتاب | Dewey Decimal Classification | ||||
| 2013-03-10 | 617.96 M I A | C.2 | 2012-06-24 | المكتبة المركزية بالمجمعة (CL) | 00109637 | المكتبة المركزية بالمجمعة (CL) | 2013-03-10 | كتاب | Dewey Decimal Classification | ||||
| 2013-03-10 | 617.96 M I A | C.3 | 2012-06-24 | المكتبة المركزية بالمجمعة (CL) | 00109636 | المكتبة المركزية بالمجمعة (CL) | 2013-03-10 | كتاب | Dewey Decimal Classification |
